| 000 | 00731nam a22002537a 4500 | ||
|---|---|---|---|
| 003 | CHAP | ||
| 005 | 20220329134840.0 | ||
| 008 | 971013s1981 r 00010 d | ||
| 010 | _a26914 | ||
| 011 | _a27886 | ||
| 035 | _a31987 | ||
| 040 | _cCHAP | ||
| 082 |
_a631 _bK3 |
||
| 100 | 0 | 0 |
_aKay, Ronald D. _962848 |
| 245 | _aFarm management ; planning, control, and implementation | ||
| 260 |
_aNew York : _bMcGraw-Hill, _c1981 |
||
| 300 |
_a370 p. _b: ilus. |
||
| 590 |
_aBATCH-UPD _b10 _c20130110 _lUCH01 _h2037 |
||
| 590 |
_aCONVERSION _b10 _c20130109 _lUCH01 _h1315 |
||
| 650 | 1 | 4 |
_aEmpresas agropecuarias. _936649 |
| 901 | _aBK | ||
| 942 | _cLIBRO | ||
| 949 |
_a631 K3 _bBC _cLIBRO _d33724000050902 _eLIBRO _h55628 _i31987 _si _t583.00 |
||
| 999 |
_c26914 _d26914 |
||